000 00594nam a2200181Ia 4500
003 GCL
008 140319s9999 xx 000 0 ara d
040 _aGCL /
_cGCL
082 0 4 _aق
_b920.71
_bح ن
100 1 _aحسين نصار
245 1 0 _aالنجوم الزاهرة فى حلى حضرة القاهرة القسم الخاص بالقاهرة من كتاب المغرب فى حلى المغرب /
_cحسين نصار
300 _a447 ص
490 _a
650 0 4 _aالتاريخ
650 0 4 _aالرجال - تراجم
650 0 4 _aالقاهرة - تاريخ
942 _2ddc
_cBK
999 _c52248
_d52248